| 000 | 01152nam a22003497a 4500 | ||
|---|---|---|---|
| 003 | CHAP | ||
| 005 | 20220817041655.0 | ||
| 008 | 971013s1973 r 00010 d | ||
| 010 | _a21254 | ||
| 011 | _a22226 | ||
| 035 | _a26319 | ||
| 040 | _cCHAP | ||
| 082 |
_a080 _bS4 v.92 |
||
| 100 | 0 | 0 |
_aCiplijauskaité, Biruté. _923343 |
| 245 |
_aDeber de plenitud _b: la poesía de Jorge Guillén |
||
| 260 |
_aMéxico, D.F. : _bSecretaría de Educación Pública, _c1973 |
||
| 300 | _a207 p. | ||
| 490 |
_aSEP. Setentas _v; 92 |
||
| 590 |
_aBATCH-UPD _b10 _c20130110 _lUCH01 _h0133 |
||
| 590 |
_aBATCH-UPD _b10 _c20130110 _lUCH01 _h1823 |
||
| 590 |
_aBATCH-UPD _b10 _c20130409 _lUCH01 _h2129 |
||
| 590 |
_aBATCH-UPD _b10 _c20130410 _lUCH01 _h1156 |
||
| 590 |
_aBATCH-UPD _b10 _c20130914 _lUCH01 _h0939 |
||
| 590 |
_aCONVERSION _b10 _c20130109 _lUCH01 _h1313 |
||
| 650 | 1 | 4 |
_aPoesía española. _990143 |
| 700 | 0 |
_aGuillén, Jorge. _951418 |
|
| 830 | 0 |
_aSEP. Setentas _v; 92 |
|
| 901 | _aBK | ||
| 942 | _cLIBRO | ||
| 949 |
_a080 S4 v.92 _bBC _cLIBRO _d-60766 _eLIBRO _fc.2 _h29523 _i26319 _si |
||
| 949 |
_a080 S4 v.92 _bBC _cLIBRO _d33724000306973 _eLIBRO _h29069 _i26319 _si |
||
| 999 |
_c21254 _d21254 |
||